Hanseflaggen - Statistiken

Allgemein
  • Dieses Quiz wurde 22 mal gespielt
  • Das Durchschnittsergebnis liegt bei 5 aus 11
Antwortstatistiken
Bildquiz Antwort % Korrekt
Bremen
100%
Lübeck
75%
Hamburg
70%
Danzig
45%
Rostock
40%
Stralsund
40%
Wismar
30%
Königsberg
20%
Riga
20%
Stettin
15%
Elbing
10%
Keine übereinstimmenden Quizze gefunden
Verteilung der Resultate
Anzahl Personen mit jedem Resultat
Perzentil nach korrekt beantworteten Fragen
Ihre Resultats-Entwicklung
Sie haben dieses Quiz noch nicht gespielt